000 00996cam a22002772 4500
001 11199
003 BD-RjUL
005 20211208235104.0
008 140126s1926 enka 001 0 eng c
035 _aOCLC ocm00962524 from D980120M
_a(BD-RjUL011248
040 _aDLC/ICU
_cCGU
_dOCL
_dEQO
_dBD-RjUL
_beng
041 1 _aengger
082 _a570
_bUET
100 1 _aUexküll, Jakob von,
_d1864-1944.
_934660
245 1 0 _aTheoretical biology /
_cby J. von Uexküll.
260 _aLondon :
_bK. Paul, Trench, Trubner & co. ltd. ;
_aNew York :
_bHarcourt, Brace & company, inc.,
_c1926.
300 _axvi, 362 p. :
_bdiagrs. ;
_c23 cm.
500 _a"Translated by D.L. Mackinnon, D. Sc."
650 0 _aBiology
_xPhilosophy.
_93798
700 1 _aMackinnon, Doris L.
_q(Doris Livingston)
_934661
830 0 _aInternational library of psychology, philosophy, and scientific method
_93593
942 _2ddc
_cBK
999 _c11199
_d11199